000 00730nam a2200217Ia 4500
003 GCL
008 140319s9999 xx 000 0 ara d
040 _aGCL /
_cGCL
082 0 4 _a343.04
_bا م
100 1 _aاحمد كامل ابوالسعود
245 1 0 _aالمدونة الذهبية: المشكلات العملية فى التشريعات الضريبية /
_cاحمد كامل ابوالسعود
260 _a[S.N] :
_bدار الفكر الجامعى ،
_c1990
300 _a372 ص
490 _a
650 0 4 _aالقانون
650 0 4 _aالضرائب
650 0 4 _aضرائب التركات
650 0 4 _aضرائب الدخل
650 0 4 _aضرائب الارباح التجارية
942 _2ddc
_cBK
999 _c29484
_d29484